| 000 | 00360 a2200169 4500 | ||
|---|---|---|---|
| 001 | 183026 | ||
| 020 | _a85-262-2504-9 | ||
| 040 | _cMagnum | ||
| 100 | _aInfante, Ulisses | ||
| 240 | 1 | 0 |
_aFernando pessoa _lpor |
| 245 | 1 | 0 | _aFernando pessoa |
| 300 | _a95 | ||
| 362 | 0 | _a1995 | |
| 440 | 1 | _aScipione | |
| 697 | _aLITERATURA GERAL ESTRANGEIRA | ||
| 942 | _cBK | ||
| 999 |
_c183026 _d183026 |
||